| 000 | 00494pam a2200169 a 4500 | ||
|---|---|---|---|
| 020 | _a0812093925 | ||
| 050 | 0 | 0 |
_aQA276.12 _b.D68 1997 |
| 100 | 1 | _aDowning, Douglas. | |
| 245 | 1 | 0 |
_aStatistics the easy way / _cDouglas Downing, Jeffrey Clark. |
| 250 | _a3rd ed. | ||
| 260 |
_aHauppauge, N.Y. : _bBarron's, _cc1997. |
||
| 300 | _ax, 394 p. : | ||
| 500 | _aIncludes index. | ||
| 700 | 1 | _aClark, Jeff, | |
| 856 | 4 | 2 | _uhttp://www.loc.gov/catdir/enhancements/fy0630/96041827-d.html |
| 942 |
_2lcc _cGEN |
||
| 999 |
_c9819 _d9819 |
||